书目信息 |
| 题名: |
中国鸟类图鉴
|
|
| 作者: | 赵欣如 , 卓小利 , 蔡益 编著 | |
| 分册: | ||
| 出版信息: | 太原 山西科学技术出版社 2015 |
|
| 页数: | 309页 | |
| 开本: | 25cm | |
| 丛书名: | 中国之美·自然生态图鉴 | |
| 单 册: | ||
| 中图分类: | Q959.7 | |
| 科图分类: | ||
| 主题词: | 鸟类--中国--图集 | |
| 电子资源: | ||
| ISBN: | 978-7-5377-4294-8 | |
| 000 | 00987oam2 2200277 450 | |
| 001 | 012015000120 | |
| 005 | 20151130092212.09 | |
| 010 | @a978-7-5377-4294-8@dCNY78.00 | |
| 100 | @a20150814d2015 em y0chiy50 ea | |
| 101 | 0 | @achi |
| 102 | @aCN@b140000 | |
| 105 | @aa z 001yy | |
| 106 | @ar | |
| 200 | 1 | @a中国鸟类图鉴@Azhong guo niao lei tu jian@f赵欣如,卓小利,蔡益编著 |
| 210 | @a太原@c山西科学技术出版社@d2015 | |
| 215 | @a309页@d25cm | |
| 225 | 2 | @a中国之美·自然生态图鉴 |
| 330 | @a本书为中国鸟类图鉴,具体涉及潜鸟目、红鹳目、鹈形目、隼形目、鸡形目、鹤形目、少鸡目、鸽形目、鹃形目等,介绍了每种鸟的科属、外形特征、声音、野外分布、现存状况、习性等,书后附有内容索引,便于读者查找。 | |
| 410 | 0 | @12001 @a中国之美·自然生态图鉴 |
| 606 | 0 | @a鸟类@y中国@j图集 |
| 690 | @aQ959.7@v5 | |
| 701 | 0 | @a赵欣如@Azhao xin ru@4编著 |
| 701 | 0 | @a卓小利@Azhuo xiao li@4编著 |
| 701 | 0 | @a蔡益@Acai yi@4编著 |
| 801 | 0 | @aCN@b碧洲教育@c20151127 |
| 905 | @a10447@f3@dQ959.7@e153 | |
| 中国鸟类图鉴/赵欣如,卓小利,蔡益编著.-太原:山西科学技术出版社,2015 |
| 309页;25cm.-(中国之美·自然生态图鉴) |
| ISBN 978-7-5377-4294-8:CNY78.00 |
| 本书为中国鸟类图鉴,具体涉及潜鸟目、红鹳目、鹈形目、隼形目、鸡形目、鹤形目、少鸡目、鸽形目、鹃形目等,介绍了每种鸟的科属、外形特征、声音、野外分布、现存状况、习性等,书后附有内容索引,便于读者查找。 |
| ● |
| 相关链接 |
|
|
|
|
正题名:中国鸟类图鉴
索取号:Q959.7/153
 
预约/预借
| 序号 | 登录号 | 条形码 | 馆藏地/架位号 | 状态 | 备注 |
| 1 | 0871294 | 208712945 | 第二样本阅览室/ [索取号:Q959.7/153] | 在馆 | |
| 2 | 0871295 | 208712954 | 第三借阅区/ [索取号:Q959.7/153] | 在馆 | |
| 3 | 0871296 | 208712963 | 第三借阅区/ [索取号:Q959.7/153] | 在馆 |